Normal view
MARC view
Entry Personal Name
001 - CONTROL NUMBER
- control field: 1236531
003 - CONTROL NUMBER IDENTIFIER
- control field: OSt
005 - DATE AND TIME OF LATEST TRANSACTION
- control field: 20260430150124.0
008 - FIXED-LENGTH DATA ELEMENTS
- fixed length control field: 260430|| aca||aabn | a|a d
040 ## - CATALOGING SOURCE
- Original cataloging agency: OSt
- Transcribing agency: OSt
100 ## - HEADING--PERSONAL NAME
- Personal name: Salman Mohammad Au.; Das Ruchi Gu
670 ## - SOURCE DATA FOUND
- Source citation: Work cat.: (OSt)1849002: Salman Mohammad Au.; Das Ruchi Gu., Transitivity, sensitivity, devaney's chaos and specification properties in nonautonomous dynamical systems, 2022
